Statistics for Nigerian Cities That Are In The Top 1000 Global Cities By Population

Click here to take the quiz!

General Stats

  • This quiz has been taken 42 times
  • The average score is 11 of 28

Answer Stats

PopulationCity% Correct
15.3MLagos
100%
4.2MKano
95%
3.6MAbuja
92%
1.8MBenin City
85%
3.7MIbadan
74%
3.3MPort Harcourt
74%
1.1MAba
49%
1.1MKaduna
46%
820KMaiduguri
46%
810KEnugu
44%
940KJos
36%
940KWarri
36%
1MIlorin
33%
1.5MOnitsha
33%
680KSokoto
33%
740KZaria
31%
940KOwerri
26%
1.2MUyo
26%
600KOgbomosho
23%
740KOshogbo
21%
710KAkure
18%
640KBauchi
15%
630KCalabar
13%
1MIkorodu
13%
1.1MNnewi
10%
860KUmuahia
10%
790KLokoja
5%
630KAbakaliki
3%

Score Distribution

Percentile by Number Answered

Percent of People with Each Score

Your Score History

You have not taken this quiz